Die teuersten Fußballtransfers - Brasilianische Fußballspieler - Statistiken

Allgemein
  • Dieses Quiz wurde 137 mal gespielt
  • Das Durchschnittsergebnis liegt bei 9 aus 11
Antwortstatistiken
Ablöse (M €) Saison Abgebender Verein Aufnehmender Verein Spieler % Korrekt
222 2017-2018 FC Barcelona Paris SG Neymar
100%
90 2023-2024 Paris SG Al-Hilal Neymar
100%
88 2013-2014 FC Santos FC Barcelona Neymar
100%
135 2017-2018 FC Liverpool FC Barcelona Philippe Coutinho
91%
95 2022-2023 Ajax Amsterdam Manchester United Antony
85%
70 2022-2023 Real Madrid Manchester United Casemiro
81%
67 2009-2010 AC Mailand Real Madrid Kakà
79%
62 2018-2019 AS Rom FC Liverpool Alisson
73%
60 2016-2017 FC Chelsea Shanghai SIPG Oscar
69%
80 2020-2021 FC Barcelona Juventus Turin Arthur Melo
57%
60 2023-2024 Zenit S-Pb Al-Hilal Malcom
55%
Keine übereinstimmenden Quizze gefunden
Verteilung der Resultate
Anzahl Personen mit jedem Resultat
Perzentil nach korrekt beantworteten Fragen
Ihre Resultats-Entwicklung
Sie haben dieses Quiz noch nicht gespielt